| 000 | 01081nab a2200325 4500 | ||
|---|---|---|---|
| 003 | BR-BrBNA | ||
| 005 | 20240221113653.0 | ||
| 008 | 240221b bl.||||| |||| 00| 0 por d | ||
| 040 |
_aBR-BrBNA _bpor |
||
| 072 |
_aN10 ; P05 ; P06 _b4690 |
||
| 100 | _aNucci, Tânia A. de | ||
| 245 | _aMiniusinas de álcool: uma solução para você | ||
| 500 | _a5 illus. | ||
| 650 | _aUSINA | ||
| 650 | _aÁLCOOL | ||
| 650 | _aETANOL | ||
| 650 | _aPRODUÇÃO VEGETAL | ||
| 650 | _aCULTURA ENERGÉTICA | ||
| 650 | _aCANA DE AÇÚCAR | ||
| 650 | _aEQUIPAMENTO | ||
| 650 | _aCALDEIRA | ||
| 650 | _aMOENDA | ||
| 650 | _aTANQUE | ||
| 650 | _aBOMBA D'ÁGUA | ||
| 650 | _aREFRIGERAÇÃO | ||
| 650 | _aARMAZENAMENTO | ||
| 773 | 0 |
_01330 _9275223 _dCampinas-SP Coordenadoria de Assistência Técnica Integral - CATI - Centro de Comunicação Rural e Treinamento - CECORT 1979. Data final de publicação em 1990 _o2023-437031 _tCasa da Agricultura (Brazil) _x0100-6541 _gv. 2(2) p. 18-22 (Mar-Apr 1980) _wBR2023002401 |
|
| 942 | _cAnalítica | ||
| 999 |
_c298548 _d298548 |
||